| 000 | 00425nam a22001697a 4500 | ||
|---|---|---|---|
| 003 | NUST - PNEC | ||
| 005 | 20170116181142.0 | ||
| 008 | 151008b xxu||||| |||| 00| 0 eng d | ||
| 020 | _a - | ||
| 040 | _cLIBRARY | ||
| 082 | _a891.439 ROM | ||
| 100 |
_914739 _aShabnam Romani |
||
| 245 |
_aHide Park (Urdu) _cShabnam Romani |
||
| 260 |
_aKarachi _c1990 |
||
| 650 |
_914743 _aUrdu Literature _xGeneral |
||
| 942 |
_2ddc _cBK |
||
| 999 |
_c70533 _d70533 |
||